All time F1 podiums - Statistics

General Stats
  • This quiz has been taken 345 times
    47 since last reset
  • The average score is 98 of 219
Answer Stats
Hint Answer % Correct
80 Ayrton Senna
100%
29 Carlos Sainz
100%
4 Esteban Ocon
100%
106 Fernando Alonso
100%
2 Jos Verstappen
100%
103 Kimi Raikkonen
100%
204 Lewis Hamilton
100%
128 Max Verstappen
100%
155 Michael Schumacher
100%
5 Pierre Gasly
100%
27 Ralf Schumacher
100%
106 Alain Prost
97%
52 Charles Leclerc
97%
41 Felipe Massa
97%
50 Jenson Button
97%
8 Jochen Mass
97%
17 Keke Rosberg
97%
57 Nico Rosberg
97%
122 Sebastian Vettel
97%
42 Damon Hill
94%
32 Daniel Ricciardo
94%
36 Graham Hill
94%
45 Lando Norris
94%
51 Mika Hakkinen
94%
28 Oscar Piastri
94%
16 Phil Hill
94%
42 Mark Webber
91%
67 Valtteri Bottas
91%
26 George Russell
88%
1 Nico Hülkenberg
88%
54 Niki Lauda
88%
20 Giuseppe Farina
84%
32 Jim Clark
84%
35 Juan Manuel Fangio
84%
39 Sergio Perez
84%
13 Gilles Villeneuve
81%
23 Jacques Villeneuve
81%
1 Nelsinho Piquet
81%
60 Nelson Piquet
81%
17 Alberto Ascari
78%
43 Jackie Stewart
78%
24 John Surtees
78%
8 Kimi Antonelli
78%
3 Lance Stroll
78%
68 Rubens Barrichello
78%
33 Denny Hulme
75%
23 James Hunt
75%
13 Jochen Rindt
75%
1 Kevin Magnussen
75%
18 Mike Hawthorn
75%
59 Nigel Mansell
75%
2 Alexander Albon
72%
3 Danil Kvyat
72%
62 David Coulthard
72%
35 Emerson Fittipaldi
72%
19 Giancarlo Fisichella
72%
31 Jack Brabham
72%
33 Jody Scheckter
72%
19 Mario Andretti
72%
1 Michael Andretti
72%
24 Stirling Moss
72%
24 Alan Jones
69%
45 Carlos Reutemann
69%
4 Heikki Kovalainen
69%
11 Jarno Trulli
69%
30 Juan Pablo Montoya
69%
1 Kamui Kobayashi
66%
1 Pastor Maldonado
66%
18 Heinz Harald Frentzen
63%
22 René Arnoux
63%
37 Riccardo Patrese
63%
12 Robert Kubica
63%
10 Romain Grosjean
63%
26 Eddie Irvine
59%
48 Gerhard Berger
59%
1 Isack Hadjar
59%
32 Jean Alesi
59%
27 Bruce McLaren
56%
9 Elio De Angelis
56%
15 Jose Froilan Gonzalez
56%
23 Michele Alboreto
56%
26 Ronnie Peterson
56%
5 Andrea De Cesaris
53%
32 Jacques Laffite
53%
28 Clay Regazzoni
50%
7 Johnny Herbert
50%
20 John Watson
50%
6 Luigi Fagioli
50%
7 Luigi Musso
50%
13 Nick Heidfeld
50%
15 Thierry Boutsen
50%
10 Tony Brooks
50%
6 Wolfgang Von Trips
50%
25 Jacky Ickx
47%
10 Maurice Trintignant
47%
19 Patrick Depailler
47%
11 Patrick Tambay
47%
1 Vitaly Petrov
47%
5 Oliver Panis
44%
1 Pedro De La Rosa
44%
1 Takuma Sato
44%
3 Timo Glock
44%
6 Carlos Pace
41%
2 Jean-Pierre Jabouille
41%
1 Johnnie Parsons
41%
9 Martin Brundle
41%
8 Peter Revson
41%
5 Piero Taruffi
41%
1 Vittorio Brambilla
41%
9 Alessandro Nannini
38%
13 Didier Pironi
38%
13 Francois Cevert
38%
4 Innes Ireland
38%
2 Mika Salo
38%
7 Pedro Rodriguez
38%
9 Peter Collins
38%
14 Richie Ginther
38%
1 Tiago Monteiro
38%
8 Jean-Pierre Beltoise
34%
8 Lorenzo Bandini
34%
1 Ludovico Scarfiotti
34%
1 Peter Gethin
34%
12 Stefan Johansson
34%
1 Aguri Suzuki
31%
2 Bill Vukovich
31%
11 Chris Amon
31%
1 Giancarlo Baghetti
31%
4 Gunnar Nilsson
31%
3 Ivan Capelli
31%
3 Mark Blundell
31%
3 Alexander Wurz
28%
19 Dan Gurney
28%
4 Derek Warwick
28%
3 Eugenio Castellotti
28%
3 Jean-Pierre Jarier
28%
1 JJ Lehto
28%
1 Nicola Larini
28%
9 Jean Behra
25%
6 Jo siffert
25%
1 Mauricio Gugelmin
25%
2 Tom Pryce
25%
9 Eddie Cheever
22%
4 Jim Rathmann
22%
1 Jo Bonnier
22%
1 Lucien Bianchi
22%
2 Stuart Lewis-Evans
22%
1 Bruno Giacomelli
19%
1 Gianni Morbidelli
19%
1 Henri Pescarolo
19%
2 Karl Kling
19%
1 Lee Wallard
19%
1 Louis Chiron
19%
8 Luigi Villoresi
19%
2 Mike Hailwood
19%
1 Pat Flaherty
19%
1 Roberto Moreno
19%
2 Rodger Ward
19%
2 Rudi Fischer
19%
4 Sam Hanks
19%
2 Teo Fabi
19%
1 Troy Ruttman
19%
1 Eric Bernard
16%
2 Jackie Oliver
16%
3 Masten Gregory
16%
1 Paul Frere
16%
2 Stefano Modena
16%
3 Tony Maggs
16%
1 Bob Sweikert
13%
1 Dorino Serafini
13%
2 Felice Bonetto
13%
1 Hans Herrmann
13%
2 Hans Joachim Stuck
13%
3 Jimmy Bryan
13%
1 Johnny Servoz-Gavin
13%
1 Mark Donohue
13%
1 Mauri Rose
13%
2 Mike Parkes
13%
2 Onofre Marimon
13%
1 Philippe Streiff
13%
1 Reg Parnell
13%
1 Reine Wisell
13%
1 Rolf Stommelen
13%
2 Roy Salvadori
13%
1 Tim Schenken
13%
1 Alfonso De Portago
9%
1 Bob Anderson
9%
1 Brian Redman
9%
1 Carlos Menditeguy
9%
1 George Follmer
9%
2 Harry Schell
9%
1 John Love
9%
2 Louis Rosier
9%
1 Mike Spence
9%
2 Olivier Gendebien
9%
2 Peter Arundell
9%
1 Peter Whitehead
9%
2 Piers Courage
9%
2 Robert Manzon
9%
1 Trevor Taylor
9%
2 Umberto Maglioli
9%
1 Willy Mairesse
9%
1 Art Cross
6%
2 Cesare Perdisa
6%
1 Cliff Allison
6%
1 Paul Russo
6%
1 Richard Attwood
6%
1 Bill Holland
3%
1 Duane Carter
3%
1 George Amick
3%
2 Jack McGrath
3%
1 Jimmy Davies
3%
1 Johnny Boyd
3%
1 Johnny Thomson
3%
1 Manuel Ayulo
3%
1 Mike Nazaruk
3%
1 Paul Goldsmith
3%
1 Ron Flockhart
3%
1 Tony Bettenhausen
3%
1 Don Freeland
0%
No matching quizzes found
Score Distribution
Percent of People with Each Score
Percentile by Number Answered
Your Score History
You have not taken this quiz since the last reset